000 00974nam a22002657a 4500
005 20170123162344.0
010 _aA-791128
020 _c31.00
_a8123715811
035 _aA-791128
037 _bCen Lib/Ret
040 _aDPL
_bUR
082 _a371.1
_bب د ھ
100 _aبدھیگا، بھی گجو
_9118634
245 _aایک تمنا ایک خیاب /
_cگجو بھی بدھیگا ؛ مرتجم طاہر حسن
246 _aEk tamanna ek khwab /
_bby Giju Bhai Badhiga ; translated by Tahir Hasan
260 _aنیی دہلی
_bنیشنل بک ٹرسٹ
_c1996
270 _bنیی دہلی
_aاے.٥، گرین پارک
_e110016
300 _a115p.
_c21cm(Hb)
650 _a اسکولوں اور سرگرمیاں
_9129878
650 _a خاص تعلیم
_9129879
650 _aSchools & activities
_9129880
650 _aSpecial education
_9129881
700 _aحسن، طاہر
_9129882
942 _2ddc
_cUR
_h371.1
_mب د ھ
999 _c108760
_d108760